000 00538nam a22001817a 4500
005 20240110140253.0
008 240110b |||||||| |||| 00| 0 eng d
020 _a0409037516
041 _aEnglish
082 _a346.7 KER
100 _aKerr, AJ
_lEnglish
245 _aThe Law of Sale and Lease /
_cAJ Kerr
250 _aSecond Edition
260 _aDurban :
_bButterworth Publishers (Pty) Ltd,
_c1996
300 _bxvi, 499 pages ;
_c25 cm.
650 _aLegal practice
_bLaw
942 _cBK
_6ALISON_BN_VRIES
999 _c1218
_d1218